| 000 | 03209nam a22003377a 4500 | ||
|---|---|---|---|
| 001 | TIC 0037 | ||
| 003 | gtcocun | ||
| 005 | 20250922171307.0 | ||
| 006 | a||||gr|||| 00| 0 | ||
| 007 | ta | ||
| 008 | 250922b2024 gt ||||| m||| 00| 0 eng d | ||
| 040 |
_agtcocun _bSPA _cgtcocun _eRDA |
||
| 041 | _aSPA TIC 0037 | ||
| 084 | _0TIC 0037 | ||
| 100 |
_aIbáñez Hernández, Jairo Esaú _eAutor |
||
| 245 |
_aDISEÑO DE CONCRETO DE ALTA RESISTENCIA CON AGEGADOS LOCALES EN ALTA VERAPAZ. / _cJairo Esaú Ibáñez Hernández _hImpreso |
||
| 264 |
_aCobán, Alta Verapaz: _bUniversidad de San Carlos de Guatemala, Centro Universitario del Norte, Ingeniería Civil _c2024 |
||
| 300 |
_a103 p.: _bIlustraciones, gráficas. _c28 cm; |
||
| 300 | _cPDF | ||
| 336 |
_2rdacontenido _aTexto _btxt |
||
| 337 |
_2rdamedio _aComputadora _bn |
||
| 338 |
_2rdasoporte _aCódigo en línea _bcr |
||
| 502 | _eTIC 0037 | ||
| 502 |
_aTesis de grado _bIngeniería Civil, _cUniversidad de San Carlos de Guatemala, Centro Universitario del Norte, Ingeniería Civil _d2024 _oTIC 0037 |
||
| 520 | 1 | 4 | _aEn esta investigación sobre el diseño de concreto de alta resistencia, se exploraron aspectos fundamentales para lograr mezclas con características excepcionales en términos de resistencia y durabilidad. Se examinaron tres bancos de agregados: Rocarena-San Cristóbal Verapaz, Piedra Angular-Santa Cruz Verapaz y Las Pericas-Marajuma. A partir de análisis granulométricos y propiedades físicas, se determinaron las densidades relativas, absorciones y pesos volumétricos de los agregados, lo que brindó información esencial para la dosificación de las mezclas. En el proceso de diseño, se siguieron rigurosos métodos basados en normativas como ACI 211.1 y ACI 211.4R. La relación agua/cemento fue cuidadosamente seleccionada para garantizar tanto resistencia como durabilidad. El tamaño máximo nominal de los agregados también influyó en la elección del asentamiento y el contenido de aire atrapado. La utilización de aditivos superplastificantes demostró ser valiosa para mejorar la trabajabilidad y la resistencia del concreto de alta resistencia. La investigación destacó que la selección adecuada de los materiales y proporciones es esencial para lograr las propiedades deseadas en el concreto de alta resistencia. Los datos recolectados de los agregados y las decisiones de diseño fueron fundamentales para crear mezclas que sobresalen en términos de resistencia a compresión y durabilidad. Además, se resalta la importancia de la relación agua/cemento, la incorporación del aditivo superplastificante y la consideración de factores como el tamaño máximo nominal y el contenido de aire. Estos hallazgos proporcionan una sólida base para la producción de concreto de alta resistencia en diversos proyectos de construcción. |
| 650 | 1 | 4 |
_2LEMB _xIngeniería _xConcreto _xDosificación _xResitencia _xDurabilidad _xAgregados |
| 700 |
_aInga, Civil Jorge Haroldo Dubón Xitumul _eAsesor |
||
| 856 |
_uhttps://drive.google.com/file/d/1zuF3W-As9XdBl1iHJyO6driUFmAXnBeS/view _yPDF _zUn ejemplar en línea. |
||
| 942 |
_2ddc _cTES _iTIC 0037 _kClasificación _n0 _6TIC_0037_000000000000000 |
||
| 999 |
_c2044 _d2044 |
||